<?xml version="1.0" encoding="UTF-8"?>
<record
    xmlns:xsi="http://www.w3.org/2001/XMLSchema-instance"
    xsi:schemaLocation="http://www.loc.gov/MARC21/slim http://www.loc.gov/standards/marcxml/schema/MARC21slim.xsd"
    xmlns="http://www.loc.gov/MARC21/slim">

  <leader>01055nam2a22002651  4500</leader>
  <controlfield tag="001">v19\rc\1465731</controlfield>
  <controlfield tag="005">20250618144905.0</controlfield>
  <datafield tag="035" ind1=" " ind2=" ">
    <subfield code="a">(NLR Aleph) 004602611</subfield>
  </datafield>
  <datafield tag="090" ind1=" " ind2=" ">
    <subfield code="a">2806052</subfield>
    <subfield code="c">2806052</subfield>
  </datafield>
  <datafield tag="100" ind1=" " ind2=" ">
    <subfield code="a">20060620d1898    |||y0rusy50      ca</subfield>
  </datafield>
  <datafield tag="101" ind1="0" ind2=" ">
    <subfield code="a">rus</subfield>
  </datafield>
  <datafield tag="102" ind1=" " ind2=" ">
    <subfield code="a">RU</subfield>
  </datafield>
  <datafield tag="105" ind1=" " ind2=" ">
    <subfield code="a">y   z   |||||</subfield>
  </datafield>
  <datafield tag="200" ind1="0" ind2=" ">
    <subfield code="a">... &#x437;&#x430; 1897-98 &#x433;.</subfield>
  </datafield>
  <datafield tag="210" ind1=" " ind2=" ">
    <subfield code="d">1898</subfield>
    <subfield code="a">&#x411;. &#x43C;.</subfield>
  </datafield>
  <datafield tag="215" ind1=" " ind2=" ">
    <subfield code="a">17 &#x441;.</subfield>
  </datafield>
  <datafield tag="461" ind1=" " ind2="0">
    <subfield code="1">001v19\rc\1465722</subfield>
    <subfield code="1">2001#$a&#x413;&#x43E;&#x434;&#x43E;&#x432;&#x43E;&#x439; &#x43E;&#x442;&#x447;&#x435;&#x442; &#x422;&#x43E;&#x432;&#x430;&#x440;&#x438;&#x449;&#x435;&#x441;&#x442;&#x432;&#x430; &#x421;&#x43A;&#x43E;&#x43C;&#x43E;&#x440;&#x43E;&#x448;&#x441;&#x43A;&#x43E;&#x433;&#x43E; &#x441;&#x430;&#x445;&#x430;&#x440;&#x43D;&#x43E;&#x433;&#x43E; &#x437;&#x430;&#x432;&#x43E;&#x434;&#x430; ...$v... &#x437;&#x430; 1897-98 &#x433;.</subfield>
    <subfield code="9">2805939</subfield>
    <subfield code="a">"&#x421;&#x43A;&#x43E;&#x43C;&#x43E;&#x440;&#x43E;&#x448;&#x43A;&#x438;", &#x441;&#x430;&#x445;&#x430;&#x440;&#x43D;&#x44B;&#x439; &#x437;&#x430;&#x432;&#x43E;&#x434; (&#x422;&#x430;&#x440;&#x430;&#x449;&#x430;&#x43D;. &#x443;&#x435;&#x437;&#x434;)</subfield>
    <subfield code="c">&#x41A;&#x438;&#x435;&#x432;</subfield>
    <subfield code="d">1875-1915</subfield>
    <subfield code="t">&#x413;&#x43E;&#x434;&#x43E;&#x432;&#x43E;&#x439; &#x43E;&#x442;&#x447;&#x435;&#x442; &#x422;&#x43E;&#x432;&#x430;&#x440;&#x438;&#x449;&#x435;&#x441;&#x442;&#x432;&#x430; &#x421;&#x43A;&#x43E;&#x43C;&#x43E;&#x440;&#x43E;&#x448;&#x441;&#x43A;&#x43E;&#x433;&#x43E; &#x441;&#x430;&#x445;&#x430;&#x440;&#x43D;&#x43E;&#x433;&#x43E; &#x437;&#x430;&#x432;&#x43E;&#x434;&#x430; ...</subfield>
    <subfield code="v">... &#x437;&#x430; 1897-98 &#x433;.</subfield>
  </datafield>
  <datafield tag="801" ind1=" " ind2="0">
    <subfield code="a">RU</subfield>
    <subfield code="b">NLR</subfield>
    <subfield code="g">psbo</subfield>
  </datafield>
  <datafield tag="801" ind1=" " ind2="0">
    <subfield code="a">RU</subfield>
    <subfield code="b">RuMoRGB</subfield>
    <subfield code="2">psbo</subfield>
  </datafield>
  <datafield tag="801" ind1=" " ind2="1">
    <subfield code="a">RU</subfield>
    <subfield code="b">ProSoft-M</subfield>
    <subfield code="2">rusmarc</subfield>
  </datafield>
  <datafield tag="852" ind1=" " ind2=" ">
    <subfield code="a">NLR</subfield>
    <subfield code="j">18.159.2.360(8)</subfield>
  </datafield>
  <datafield tag="899" ind1=" " ind2=" ">
    <subfield code="a">RuMoRGB (1892-1915*)</subfield>
    <subfield code="j">L 1/119</subfield>
  </datafield>
  <datafield tag="899" ind1=" " ind2=" ">
    <subfield code="a">&#x411;&#x410;&#x41D; (1882-1905*)</subfield>
  </datafield>
  <datafield tag="942" ind1=" " ind2=" ">
    <subfield code="c">BOOK</subfield>
  </datafield>
  <datafield tag="980" ind1=" " ind2=" ">
    <subfield code="a">NB</subfield>
  </datafield>
  <datafield tag="995" ind1=" " ind2=" ">
    <subfield code="5">2013-10-26</subfield>
    <subfield code="b">NLR02</subfield>
    <subfield code="c">NLR02</subfield>
    <subfield code="e">RFS</subfield>
    <subfield code="f">4602611-10</subfield>
    <subfield code="k">18.159.2.360(8)</subfield>
    <subfield code="o">0</subfield>
    <subfield code="r">BOOK</subfield>
    <subfield code="s">1815923608_</subfield>
  </datafield>
  <datafield tag="995" ind1=" " ind2=" ">
    <subfield code="5">2013-10-26</subfield>
    <subfield code="b">NLR01</subfield>
    <subfield code="c">NLR01</subfield>
    <subfield code="e">TEMP</subfield>
    <subfield code="f">4602611-30</subfield>
    <subfield code="o">0</subfield>
    <subfield code="r">BOOK</subfield>
  </datafield>
</record>
